Library Banner

Dictionary of history (Record no. 82164)

MARC details
000 -LEADER
fixed length control field 00348nam a22001337a 4500
005 - DATE AND TIME OF LATEST TRANSACTION
control field 20160122153915.0
008 - FIXED-LENGTH DATA ELEMENTS--GENERAL INFORMATION
fixed length control field 160122b xxu||||| |||| 00| 0 eng d
040 ## - CATALOGING SOURCE
Transcribing agency PK-LaUMT
082 ## - DEWEY DECIMAL CLASSIFICATION NUMBER
Classification number KHC R 903
Item number DIC-
245 ## - TITLE STATEMENT
Title Dictionary of history
Statement of responsibility, etc Satish ganjoo(Editor
260 ## - PUBLICATION, DISTRIBUTION, ETC. (IMPRINT)
Place of publication, distribution, etc New Delhi
Name of publisher, distributor, etc Anmol publications
Date of publication, distribution, etc 1992
300 ## - PHYSICAL DESCRIPTION
Extent 289 p.
942 ## - ADDED ENTRY ELEMENTS (KOHA)
Koha item type Books
Holdings
Withdrawn status Lost status Damaged status Home library Current library Date acquired Full call number Barcode Date last seen Price effective from Koha item type
      UMT Main Campus UMT Main Campus 2016-01-22 KHC R 903 DIC- 73871 2016-01-22 2016-01-22 Books